<?xml version="1.0" encoding="UTF-8"?>
<collection xmlns="http://www.loc.gov/MARC21/slim">
 <record>
  <leader>01950nam a2200241Ia 4500</leader>
  <controlfield tag="001">CTU_103939</controlfield>
  <controlfield tag="008">210402s9999    xx            000 0 und d</controlfield>
  <datafield tag="020" ind1=" " ind2=" ">
   <subfield code="c">21000</subfield>
  </datafield>
  <datafield tag="082" ind1=" " ind2=" ">
   <subfield code="a">658.4</subfield>
  </datafield>
  <datafield tag="082" ind1=" " ind2=" ">
   <subfield code="b">S478</subfield>
  </datafield>
  <datafield tag="100" ind1=" " ind2=" ">
   <subfield code="a">Senter, Howard</subfield>
  </datafield>
  <datafield tag="245" ind1=" " ind2="0">
   <subfield code="a">Ra và thực thi quyết định :</subfield>
  </datafield>
  <datafield tag="245" ind1=" " ind2="0">
   <subfield code="b">Một hướng dẫn thực tiễn để có những quyết định sáng suốt</subfield>
  </datafield>
  <datafield tag="245" ind1=" " ind2="0">
   <subfield code="c">Howard Senter</subfield>
  </datafield>
  <datafield tag="260" ind1=" " ind2=" ">
   <subfield code="a">Thành phố Hồ Chí Minh</subfield>
  </datafield>
  <datafield tag="260" ind1=" " ind2=" ">
   <subfield code="b">Trẻ</subfield>
  </datafield>
  <datafield tag="260" ind1=" " ind2=" ">
   <subfield code="c">2005</subfield>
  </datafield>
  <datafield tag="520" ind1=" " ind2=" ">
   <subfield code="a">Trong quản lý bạn luôn đối mặt với việc ra quyết định và thực thi quyết định. Đây là một kỹ năng quan trọng của các nhà quản lý doanh nghiệp bởi vì bạn có thể gặt hái được vô vàn thành công hoặc hứng chịu những hậu quả đáng tiếc từ các quyết định mà mình đưa ra. Khi kết thúc cuốn sách này bạn sẽ có thể: Áp dụng một phương thức thận trọng và có hệ thống trong việc đưa ra những quyết định phức tạp. Nhận biết được điều gì tạo ra một quyết định đúng và một quyết định sai. Giải thích về cách xác lập và xếp hạng ưu tiên các mục tiêu khi ra quyết định. Nhận dạng các ràng buộc đối với những quyết định của mình. Đưa ra và đánh giá các giải pháp.  Thực thi các quyết định và đánh giá kết quả thực hiện.</subfield>
  </datafield>
  <datafield tag="526" ind1=" " ind2=" ">
   <subfield code="a">Kỹ năng chuyên ngành</subfield>
  </datafield>
  <datafield tag="526" ind1=" " ind2=" ">
   <subfield code="b">MT225</subfield>
  </datafield>
  <datafield tag="650" ind1=" " ind2=" ">
   <subfield code="a">Business management,Creative ability in business,Decision making,Quản lý kinh doanh,Ra quyết định</subfield>
  </datafield>
  <datafield tag="904" ind1=" " ind2=" ">
   <subfield code="i">Hiếu, Trọng Hiếu</subfield>
  </datafield>
  <datafield tag="980" ind1=" " ind2=" ">
   <subfield code="a">Trung tâm Học liệu Trường Đại học Cần Thơ</subfield>
  </datafield>
 </record>
</collection>
